| Tag |
First Indicator |
Second Indicator |
Subfields |
| LEADER |
00000cam a22000004a 4500 |
| 001 |
in00001779921 |
| 005 |
20151025130058.0 |
| 008 |
030114s2003 mdua b 001 0 eng |
| 010 |
|
|
|a 2003000838
|
| 020 |
|
|
|a 0810847523 (alk. paper)
|
| 035 |
|
|
|a (OCoLC)ocm51460597
|
| 040 |
|
|
|a DLC
|c DLC
|d C#P
|d UtOrBLW
|
| 042 |
|
|
|a pcc
|
| 043 |
|
|
|a n-us---
|
| 049 |
|
|
|a TXAM
|
| 050 |
0 |
0 |
|a LB1573.7
|b .M29 2003
|
| 082 |
0 |
0 |
|a 372.47
|2 21
|
| 100 |
1 |
|
|a Matthew, Kathryn I.
|
| 245 |
1 |
0 |
|a Reading comprehension :
|b books and strategies for the elementary curriculum /
|c Kathryn I. Matthew, Kimberly Kimbell-Lopez.
|
| 264 |
|
1 |
|a Lanham, Md. :
|b Scarecrow Press,
|c 2003.
|
| 300 |
|
|
|a iii, 287 pages :
|b illustrations ;
|c 23 cm.
|
| 336 |
|
|
|a text
|b txt
|2 rdacontent
|
| 337 |
|
|
|a unmediated
|b n
|2 rdamedia
|
| 338 |
|
|
|a volume
|b nc
|2 rdacarrier
|
| 504 |
|
|
|a Includes bibliographical references and indexes.
|
| 505 |
0 |
|
|a Science -- Gardens -- Insects and bugs -- The solar system -- Weather -- Habitats and biomes -- Animals -- Social studies -- American history -- The United States -- Landforms -- The world -- Cultures -- Biographies -- Mathematics -- Numbers and operations -- Time -- Money -- Problem solving.
|
| 650 |
|
0 |
|a Reading comprehension
|x Study and teaching (Elementary)
|z United States.
|
| 650 |
|
0 |
|a Reading (Elementary)
|z United States
|x Curricula.
|
| 650 |
|
0 |
|a Content area reading
|z United States.
|
| 650 |
|
0 |
|a Children
|x Books and reading
|z United States.
|
| 700 |
1 |
|
|a Kimbell-Lopez, Kimberly.
|
| 948 |
|
|
|a cataloged
|b h
|c 2004/2/21
|d c
|e ceaton
|f 5:54:41 pm
|
| 994 |
|
|
|a E0
|b TXA
|
| 999 |
|
|
|a MARS
|
| 999 |
f |
f |
|s 3dee0c79-98f5-3598-b3b4-3c4c31a18f35
|i 21745db1-611d-3ed8-8d78-7335a3d583f8
|t 0
|
| 952 |
f |
f |
|p normal
|a Texas A&M University
|b College Station
|c Sterling C. Evans Library
|d Evans: Library Stacks
|t 0
|e LB1573.7 .M29 2003
|h Library of Congress classification
|i unmediated -- volume
|m A14831182036
|
| 998 |
f |
f |
|a LB1573.7 .M29 2003
|t 0
|l Evans: Library Stacks
|